书目信息 |
| 题名: |
现代汉语虚词
|
|
| 作者: | 景士俊 著 | |
| 分册: | ||
| 出版信息: | 呼和浩特 内蒙古人民出版社 1980.07 |
|
| 页数: | 323页 | |
| 开本: | 20cm | |
| 丛书名: | ||
| 单 册: | ||
| 中图分类: | H146.1 | |
| 科图分类: | ||
| 主题词: | 汉语--语法 | |
| 电子资源: | ||
| ISBN: | ||
| 000 | 00555nam0 2200205 45 | |
| 001 | 0303201020 | |
| 005 | 20031219104107.2 | |
| 010 | @dCNY0.95 | |
| 091 | @a7089.152 | |
| 100 | @a20030320d1980 km y0chiy0120 ea | |
| 101 | 0 | @achi |
| 105 | @a z 000yy | |
| 200 | 1 | @a现代汉语虚词@AXian Dai Han Yu Xu Ci@f景士俊著@FJing Shi Jun Zhu |
| 210 | @a呼和浩特@c内蒙古人民出版社@d1980.07 | |
| 215 | @a323页@d20cm | |
| 606 | 0 | @a汉语@x语法 |
| 690 | @aH146.1@v3 | |
| 701 | 0 | @a景士俊@4著 |
| 801 | @aCN@bTSTC@c20031113 | |
| 905 | @dH146.1@e5@f3@b67678-680@f1@b67676 | |
| 现代汉语虚词/景士俊著.-呼和浩特:内蒙古人民出版社,1980.07 |
| 323页;20cm |
| ISBN :CNY0.95 |
| ● |
| 相关链接 |
|
|
|
|
正题名:现代汉语虚词
索取号:H146.1/5
 
预约/预借
| 序号 | 登录号 | 条形码 | 馆藏地/架位号 | 状态 | 备注 |
| 1 | 0067676 | 001526058 | 密集书库/ [索取号:H146.1/5] | 在馆 | |
| 2 | 0067677 | 001767920 | 密集书库/ [索取号:H146.1/5] | 在馆 | |
| 3 | 0067678 | 001526101 | 密集书库/ [索取号:H146.1/5] | 在馆 | |
| 4 | 0067679 | 001526110 | 密集书库/ [索取号:H146.1/5] | 在馆 | |
| 5 | 0067680 | 001526129 | 密集书库/ [索取号:H146.1/5] | 在馆 |